00380nam a2200181Ia 4500003000900000008004100009040001300050040001300063041000800076100001800084245003600102250001200138260001200150260000900162300001100171300001000182490000600192IT-RoPAU120407s9999 xx 000 0 und d aIT-RoPAU cIT-RoPAU aita aMario Pomilio aIo cane sull’Etna. (racconti) aMilano  aRusconi c1978 a164 p. c21 cm v1